[Event "95th Caplin Hastings Congress"]
[Site "Hastings"]
[Date "2020.01.02"]
[Round "6.33"]
[White "Eames, Robert S"]
[Black "Sugden, John N"]
[Result "1-0"]
[WhiteElo "2150"]
[BlackElo "2065"]
[Annotator "NA"]
[PlyCount "63"]
[EventDate "2019.12.28"]
[EventType "swiss"]
[EventCountry "ENG"]
[SourceTitle "playchess.com"]
[Source "ChessBase"]
[SourceQuality "1"]
[TimeControl "40/6600+30:3000+30"]

1. d4 {[%emt 0:09:33]} Nf6 {[%emt 0:09:51]} 2. c4 {[%emt 0:00:06]} e6 {[%emt 0:00:36]} 3. Nf3 {[%emt 0:00:25]} b6 {[%emt 0:00:40]} 4. a3 {[%emt 0:01:55]} Bb7 {[%emt 0:00:23]} 5. Nc3 {[%emt 0:00:12]} d5 {[%emt 0:01:38]} 6. cxd5 {[%emt 0:00:23]} Nxd5 {[%emt 0:00:57]} 7. Bd2 {[%emt 0:01:07]} Be7 {[%emt 0:05:16]} 8. Qc2 {[%emt 0:01:04]} O-O {[%emt 0:09:33]} 9. e4 {[%emt 0:01:46]} Nxc3 {[%emt 0:00:18]} 10. Bxc3 {[%emt 0:00:13]} c5 {[%emt 0:10:45]} 11. dxc5 {[%emt 0:02:57]} Bxc5 {[%emt 0:02:48]} 12. Bd3 {[%emt 0:04:36]} Nd7 {[%emt 0:16:58]} 13. O-O-O {[%emt 0:10:22]} Qc7 {[%emt 0:06:35]} 14. Kb1 {[%emt 0:04:37]} Rfd8 {[%emt 0:02:33]} 15. h4 {[%emt 0:02:30]} Rac8 {[%emt 0:04:55]} 16. e5 {[%emt 0:05:18]} Nf8 {[%emt 0:04:43]} 17. Ng5 {[%emt 0:04:12]} h6 {[%emt 0:07:50]} 18. Bh7+ {[%emt 0:04:51]} Kh8 {[%emt 0:00:22]} 19. Rxd8 {[%emt 0:01:29]} Rxd8 {[%emt 0:00:12]} 20. Be4 {[%emt 0:01:09]} hxg5 {[%emt 0:05:23]} 21. hxg5+ {[%emt 0:00:08]} Kg8 {[%emt 0:00:29]} 22. Bh7+ {[%emt 0:08:11]} Nxh7 {[%emt 0:03:19]} 23. Qxh7+ {[%emt 0:00:05]} Kf8 {[%emt 0:00:14]} 24. Qh8+ {[%emt 0:00:50]} Ke7 {[%emt 0:00:09]} 25. Qxg7 {[%emt 0:00:06]} Be4+ {[%emt 0:05:52]} 26. Ka2 {[%emt 0:00:55]} Bg6 {[%emt 0:01:14]} 27. Qxg6 {[%emt 0:01:10]} fxg6 {[%emt 0:03:28]} 28. Rh7+ {[%emt 0:03:03]} Kf8 {[%emt 0:00:57]} 29. Rxc7 {[%emt 0:00:12]} Bxf2 {[%emt 0:00:16]} 30. Rxa7 {[%emt 0:02:32]} Rd5 {[%emt 0:00:53]} 31. a4 {[%emt 0:04:24]} Be3 {[%emt 0:03:31]} 32. Rb7 {[%emt 0:01:00]} 1-0

[Event "95th Caplin Hastings Congress"]
[Site "Hastings"]
[Date "2020.01.02"]
[Round "6.34"]
[White "Merriman, James"]
[Black "Gutierrez Carmona, Juan Alejandr"]
[Result "0-1"]
[WhiteElo "1895"]
[BlackElo "2146"]
[Annotator "NA"]
[PlyCount "86"]
[EventDate "2019.12.28"]
[EventType "swiss"]
[EventCountry "ENG"]
[SourceTitle "playchess.com"]
[Source "ChessBase"]
[SourceQuality "1"]
[TimeControl "40/6600+30:3000+30"]

1. d4 {[%emt 0:09:53]} d5 {[%emt 0:09:41]} 2. c4 {[%emt 0:01:06]} e6 {[%emt 0:00:07]} 3. Nc3 {[%emt 0:00:02]} Nf6 {[%emt 0:00:11]} 4. cxd5 {[%emt 0:00:04]} exd5 {[%emt 0:00:18]} 5. Bg5 {[%emt 0:00:07]} c6 {[%emt 0:00:19]} 6. e3 {[%emt 0:00:11]} Be7 {[%emt 0:04:45]} 7. Bd3 {[%emt 0:00:14]} Nbd7 {[%emt 0:00:13]} 8. Nf3 {[%emt 0:00:13]} O-O {[%emt 0:05:43]} 9. Qc2 {[%emt 0:01:23]} Re8 {[%emt 0:04:43]} 10. O-O {[%emt 0:03:09]} g6 {[%emt 0:05:25]} 11. Rae1 {[%emt 0:04:06]} Nf8 {[%emt 0:06:20]} 12. Ne5 {[%emt 0:02:02]} Ne6 {[%emt 0:00:48]} 13. Bh6 {[%emt 0:09:28]} Ng7 {[%emt 0:11:27]} 14. Bxg7 {[%emt 0:04:07]} Kxg7 {[%emt 0:00:02]} 15. f4 {[%emt 0:02:44]} Bd6 {[%emt 0:05:26]} 16. Rf3 {[%emt 0:03:42]} Ng4 {[%emt 0:06:21]} 17. Ref1 {[%emt 0:06:42]} Bf8 {[%emt 0:21:25]} 18. f5 {[%emt 0:08:24]} Rxe5 {[%emt 0:03:46]} 19. dxe5 {[%emt 0:10:06]} Nxe5 {[%emt 0:00:07]} 20. R3f2 {[%emt 0:07:38]} Qg5 {[%emt 0:03:21]} 21. Nd1 {[%emt 0:00:39]} Nxd3 {[%emt 0:03:48]} 22. Qxd3 {[%emt 0:02:31]} Bxf5 {[%emt 0:00:10]} 23. Qd4+ {[%emt 0:01:20]} Kg8 {[%emt 0:00:22]} 24. h4 {[%emt 0:01:20]} Qe7 {[%emt 0:03:36]} 25. g4 {[%emt 0:04:56]} Bg7 {[%emt 0:01:28]} 26. Qf4 {[%emt 0:00:49]} Be6 {[%emt 0:01:01]} 27. h5 {[%emt 0:00:33]} h6 {[%emt 0:03:56]} 28. hxg6 {[%emt 0:07:41]} fxg6 {[%emt 0:00:22]} 29. Nc3 {[%emt 0:03:40]} Re8 {[%emt 0:04:47]} 30. Rf3 {[%emt 0:01:48]} Qh4 {[%emt 0:02:46]} 31. Qc7 {[%emt 0:02:42]} Qe7 {[%emt 0:04:33]} 32. Qf4 {[%emt 0:01:38]} Qd7 {[%emt 0:01:02]} 33. g5 {[%emt 0:00:43]} h5 {[%emt 0:06:09]} 34. Qa4 {[%emt 0:05:46]} Qe7 {[%emt 0:00:00]} 35. Qh4 {[%emt 0:01:38]} Bg4 {[%emt 0:00:00]} 36. Rf7 {[%emt 0:01:15]} Qxe3+ {[%emt 0:00:00]} 37. Kh1 {[%emt 0:00:29]} Rf8 {[%emt 0:01:09]} 38. Rxf8+ {[%emt 0:00:34]} Bxf8 {[%emt 0:00:01]} 39. Re1 {[%emt 0:03:14]} Bf3+ {[%emt 0:00:23]} 40. Kh2 {[%emt 0:00:20]} Bd6+ {[%emt 0:00:10]} 41. Kh3 {[%emt 0:50:09]} Bg4+ {[%emt 0:51:20]} 42. Kg2 {[%emt 0:00:14]} Qf3+ {[%emt 0:00:07]} 43. Kg1 {[%emt 0:00:16]} Bg3 {[%emt 0:01:12]} 0-1

[Event "95th Caplin Hastings Congress"]
[Site "Hastings"]
[Date "2020.01.02"]
[Round "6.35"]
[White "De Boer, Bas"]
[Black "Norinkeviciute, Rasa"]
[Result "1/2-1/2"]
[WhiteElo "2138"]
[BlackElo "2018"]
[Annotator "ChessBase"]
[PlyCount "102"]
[EventDate "2019.12.28"]
[EventType "swiss"]
[EventCountry "ENG"]
[SourceTitle "playchess.com"]
[Source "ChessBase"]
[SourceQuality "1"]
[TimeControl "40/6600+30:3000+30"]

1. Nf3 {[%emt 0:09:33]} Nf6 {[%emt 0:10:59]} 2. c4 {[%emt 0:00:08]} e6 {[%emt 0:00:12]} 3. Nc3 {[%emt 0:00:10]} b6 {[%emt 0:00:12]} 4. g3 {[%emt 0:00:07]} Bb7 {[%emt 0:00:07]} 5. Bg2 {[%emt 0:00:06]} c5 {[%emt 0:04:01]} 6. O-O {[%emt 0:00:09]} Be7 {[%emt 0:00:31]} 7. d4 {[%emt 0:01:28]} cxd4 {[%emt 0:01:50]} 8. Qxd4 {[%emt 0:00:08]} Nc6 {[%emt 0:02:19]} 9. Qf4 {[%emt 0:00:31]} O-O {[%emt 0:02:22]} 10. Rd1 {[%emt 0:05:09]} d6 {[%emt 0:11:12]} 11. b3 {[%emt 0:01:53]} Nb4 {[%emt 0:04:51]} 12. a3 {[%emt 0:08:01]} Na6 {[%emt 0:01:33]} 13. Bb2 {[%emt 0:12:52]} Nc7 {[%emt 0:11:48]} 14. e4 {[%emt 0:04:31]} Qc8 {[%emt 0:05:19]} 15. Rac1 {[%emt 0:03:44]} Rd8 {[%emt 0:02:16]} 16. h3 {[%emt 0:01:48]} Rd7 {[%emt 0:04:47]} 17. Qe3 {[%emt 0:01:36]} Qf8 {[%emt 0:04:11]} 18. b4 {[%emt 0:03:41]} Rad8 {[%emt 0:05:56]} 19. Nd4 {[%emt 0:02:17]} e5 {[%emt 0:19:35]} 20. Nf5 {[%emt 0:01:20]} Qe8 {[%emt 0:01:01]} 21. g4 {[%emt 0:07:14]} Bf8 {[%emt 0:02:23]} 22. Bf3 {[%emt 0:00:43]} g6 {[%emt 0:02:33]} 23. Ng3 {[%emt 0:00:48]} h6 {[%emt 0:01:08]} 24. Nd5 {[%emt 0:02:08]} Ncxd5 {[%emt 0:04:06]} 25. cxd5 {[%emt 0:01:48]} Rc8 {[%emt 0:00:47]} 26. Be2 {[%emt 0:01:41]} Rdc7 {[%emt 0:02:01]} 27. Rxc7 {[%emt 0:03:04]} Rxc7 {[%emt 0:00:06]} 28. Rc1 {[%emt 0:00:06]} Qc8 {[%emt 0:01:32]} 29. Rxc7 {[%emt 0:00:21]} Qxc7 {[%emt 0:00:04]} 30. Qc1 {[%emt 0:00:10]} Qxc1+ {[%emt 0:07:08]} 31. Bxc1 {[%emt 0:00:02]} Kg7 {[%emt 0:01:02]} 32. Be3 {[%emt 0:02:33]} Be7 {[%emt 0:00:22]} 33. f3 {[%emt 0:00:44]} Ne8 {[%emt 0:00:34]} 34. Nf1 {[%emt 0:01:15]} Bc8 {[%emt 0:01:09]} 35. Bb5 {[%emt 0:00:57]} Nc7 {[%emt 0:01:17]} 36. Bc6 {[%emt 0:01:08]} f5 {[%emt 0:01:38]} 37. b5 {[%emt 0:01:54]} Bh4 {[%emt 0:03:33]} 38. Nd2 {[%emt 0:02:54]} f4 {[%emt 0:00:51]} 39. Bf2 {[%emt 0:00:12]} Bxf2+ {[%emt 0:00:03]} 40. Kxf2 {[%emt 0:00:07]} Kf6 {[%emt 0:00:12]} 41. Nc4 {[%emt 0:50:11]} Ke7 {[%emt 0:50:26]} 42. a4 {[%emt 0:06:52]} Bd7 {[%emt 0:00:00]} 43. Ke2 {[%emt 0:00:00]} Ne8 {[%emt 0:00:00]} 44. Nb2 {[%emt 0:00:00]} Nf6 {[%emt 0:00:00]} 45. Nd3 {[%emt 0:00:00]} Bc8 {[%emt 0:00:00]} 46. Nb4 {[%emt 0:00:00]} Kd8 {[%emt 0:00:00]} 47. Ba8 {[%emt 0:00:00]} Bd7 {[%emt 0:00:00]} 48. Bb7 {[%emt 0:00:00]} g5 {[%emt 0:00:00]} 49. Nc6+ {[%emt 0:00:00]} Bxc6 {[%emt 0:00:00]} 50. bxc6 {[%emt 0:00:00]} Ne8 {[%emt 0:00:00]} 51. Kd2 {[%emt 0:00:00]} Nc7 {[%emt 0:00:00]} 1/2-1/2

[Event "95th Caplin Hastings Congress"]
[Site "Hastings"]
[Date "2020.01.02"]
[Round "6.36"]
[White "Garnett, John S"]
[Black "Brown, Thomas"]
[Result "1/2-1/2"]
[WhiteElo "1865"]
[BlackElo "2116"]
[Annotator "ChessBase"]
[PlyCount "124"]
[EventDate "2019.12.28"]
[EventType "swiss"]
[EventCountry "ENG"]
[SourceTitle "playchess.com"]
[Source "ChessBase"]
[SourceQuality "1"]
[TimeControl "40/6600+30:3000+30"]

1. e4 {[%emt 0:09:32]} c6 {[%emt 0:13:49]} 2. Nc3 {[%emt 0:00:10]} g6 {[%emt 0:00:35]} 3. d4 {[%emt 0:01:08]} Bg7 {[%emt 0:00:42]} 4. Bc4 {[%emt 0:00:50]} d6 {[%emt 0:00:26]} 5. Be3 {[%emt 0:01:26]} Nf6 {[%emt 0:00:26]} 6. Nf3 {[%emt 0:01:03]} b5 {[%emt 0:03:05]} 7. Bd3 {[%emt 0:00:34]} O-O {[%emt 0:03:45]} 8. h3 {[%emt 0:01:30]} a6 {[%emt 0:06:19]} 9. O-O {[%emt 0:01:03]} Nbd7 {[%emt 0:00:47]} 10. Qd2 {[%emt 0:02:10]} c5 {[%emt 0:02:24]} 11. Bh6 {[%emt 0:05:23]} c4 {[%emt 0:06:28]} 12. Bxg7 {[%emt 0:01:18]} Kxg7 {[%emt 0:00:07]} 13. Be2 {[%emt 0:02:49]} b4 {[%emt 0:17:14]} 14. e5 {[%emt 0:06:30]} bxc3 {[%emt 0:03:52]} 15. exf6+ {[%emt 0:00:11]} Nxf6 {[%emt 0:00:10]} 16. Qxc3 {[%emt 0:00:44]} d5 {[%emt 0:05:06]} 17. b3 {[%emt 0:04:58]} cxb3 {[%emt 0:06:51]} 18. axb3 {[%emt 0:00:22]} Qd6 {[%emt 0:02:23]} 19. Qc5 {[%emt 0:07:37]} Bf5 {[%emt 0:10:01]} 20. Rfc1 {[%emt 0:05:17]} Qxc5 {[%emt 0:08:50]} 21. dxc5 {[%emt 0:00:07]} Ne4 {[%emt 0:10:03]} 22. b4 {[%emt 0:03:05]} a5 {[%emt 0:00:45]} 23. c3 {[%emt 0:02:06]} Rfb8 {[%emt 0:04:29]} 24. g4 {[%emt 0:01:41]} Nxc3 {[%emt 0:05:27]} 25. Rxc3 {[%emt 0:03:30]} axb4 {[%emt 0:00:21]} 26. Rcc1 {[%emt 0:10:27]} Rxa1 {[%emt 0:01:39]} 27. Rxa1 {[%emt 0:00:06]} Bc2 {[%emt 0:00:30]} 28. Nd4 {[%emt 0:04:41]} b3 {[%emt 0:00:16]} 29. Nxc2 {[%emt 0:00:55]} bxc2 {[%emt 0:00:10]} 30. Bd3 {[%emt 0:00:21]} Rc8 {[%emt 0:03:42]} 31. Rc1 {[%emt 0:00:38]} Rxc5 {[%emt 0:00:33]} 32. Rxc2 {[%emt 0:00:07]} Ra5 {[%emt 0:01:13]} 33. Rc7 {[%emt 0:00:38]} e6 {[%emt 0:03:01]} 34. Kg2 {[%emt 0:01:32]} g5 {[%emt 0:00:27]} 35. Rb7 {[%emt 0:01:43]} Ra4 {[%emt 0:00:24]} 36. Bb5 {[%emt 0:02:31]} Rf4 {[%emt 0:00:08]} 37. Ra7 {[%emt 0:00:54]} Kg6 {[%emt 0:00:48]} 38. Ra4 {[%emt 0:01:42]} Rf6 {[%emt 0:00:51]} 39. Kg3 {[%emt 0:02:34]} h5 {[%emt 0:00:42]} 40. Ra3 {[%emt 0:02:22]} h4+ {[%emt 0:00:31]} 41. Kg2 {[%emt 0:50:08]} Rf4 {[%emt 0:50:29]} 42. Ra4 {[%emt 0:01:45]} Rxa4 {[%emt 0:00:00]} 43. Bxa4 {[%emt 0:00:00]} Kf6 {[%emt 0:00:00]} 44. Kf3 {[%emt 0:00:00]} Ke5 {[%emt 0:00:00]} 45. Bc2 {[%emt 0:00:00]} Kd4 {[%emt 0:00:00]} 46. Bh7 {[%emt 0:00:00]} e5 {[%emt 0:00:00]} 47. Bg8 {[%emt 0:00:00]} f6 {[%emt 0:00:00]} 48. Bh7 {[%emt 0:00:00]} Kc3 {[%emt 0:00:00]} 49. Ke3 {[%emt 0:00:00]} Kc4 {[%emt 0:00:00]} 50. Bg8 {[%emt 0:00:00]} Kc5 {[%emt 0:00:00]} 51. Kd3 {[%emt 0:00:00]} Kc6 {[%emt 0:00:00]} 52. Kc3 {[%emt 0:00:00]} Kc5 {[%emt 0:00:00]} 53. Bf7 {[%emt 0:00:00]} Kd6 {[%emt 0:00:00]} 54. Kb4 {[%emt 0:00:00]} e4 {[%emt 0:00:00]} 55. Kc3 {[%emt 0:00:00]} Ke5 {[%emt 0:00:00]} 56. Bg6 {[%emt 0:00:00]} d4+ {[%emt 0:00:00]} 57. Kd2 {[%emt 0:00:00]} Kf4 {[%emt 0:00:00]} 58. Ke2 {[%emt 0:00:00]} d3+ {[%emt 0:00:00]} 59. Kd2 {[%emt 0:00:00]} Kf3 {[%emt 0:00:00]} 60. Ke1 {[%emt 0:00:00]} Kf4 {[%emt 0:00:00]} 61. Kd2 {[%emt 0:00:00]} Kf3 {[%emt 0:00:00]} 62. Ke1 {[%emt 0:00:00]} Kf4 {[%emt 0:01:06]} 1/2-1/2

[Event "95th Caplin Hastings Congress"]
[Site "Hastings"]
[Date "2020.01.02"]
[Round "6.37"]
[White "Salmons, Calum"]
[Black "Thompson, Ian D"]
[Result "0-1"]
[WhiteElo "1796"]
[BlackElo "2141"]
[Annotator "NA"]
[PlyCount "88"]
[EventDate "2019.12.28"]
[EventType "swiss"]
[EventCountry "ENG"]
[SourceTitle "playchess.com"]
[Source "ChessBase"]
[SourceQuality "1"]
[TimeControl "40/6600+30:3000+30"]

1. e4 {[%emt 0:10:11]} e6 {[%emt 0:09:37]} 2. Nf3 {[%emt 0:00:11]} d5 {[%emt 0:00:09]} 3. e5 {[%emt 0:00:15]} c5 {[%emt 0:00:17]} 4. b4 {[%emt 0:00:07]} b6 {[%emt 0:00:21]} 5. a3 {[%emt 0:01:13]} Qd7 {[%emt 0:00:43]} 6. c3 {[%emt 0:03:55]} Ba6 {[%emt 0:00:46]} 7. Bxa6 {[%emt 0:01:06]} Nxa6 {[%emt 0:00:07]} 8. Qe2 {[%emt 0:00:24]} Nc7 {[%emt 0:01:22]} 9. d4 {[%emt 0:01:53]} Ne7 {[%emt 0:00:46]} 10. Nbd2 {[%emt 0:05:56]} Ng6 {[%emt 0:23:07]} 11. O-O {[%emt 0:10:39]} a5 {[%emt 0:03:39]} 12. bxc5 {[%emt 0:07:22]} bxc5 {[%emt 0:00:11]} 13. Nb3 {[%emt 0:00:17]} c4 {[%emt 0:02:40]} 14. Nbd2 {[%emt 0:01:53]} a4 {[%emt 0:00:54]} 15. g3 {[%emt 0:10:03]} Ne7 {[%emt 0:08:12]} 16. Nb1 {[%emt 0:11:55]} Nc6 {[%emt 0:01:06]} 17. Nh4 {[%emt 0:01:52]} Na5 {[%emt 0:03:04]} 18. Be3 {[%emt 0:02:50]} Rb8 {[%emt 0:08:06]} 19. f4 {[%emt 0:02:23]} g6 {[%emt 0:00:53]} 20. g4 {[%emt 0:08:30]} Be7 {[%emt 0:01:50]} 21. Qf2 {[%emt 0:01:10]} Qd8 {[%emt 0:02:32]} 22. Ng2 {[%emt 0:01:04]} f5 {[%emt 0:03:28]} 23. exf6 {[%emt 0:02:46]} Bxf6 {[%emt 0:00:06]} 24. f5 {[%emt 0:00:29]} exf5 {[%emt 0:04:08]} 25. gxf5 {[%emt 0:01:17]} g5 {[%emt 0:00:45]} 26. h4 {[%emt 0:07:30]} gxh4 {[%emt 0:01:31]} 27. Bh6 {[%emt 0:01:23]} Rg8 {[%emt 0:07:26]} 28. Kh1 {[%emt 0:00:31]} Kd7 {[%emt 0:01:24]} 29. Nd2 {[%emt 0:04:50]} Rb2 {[%emt 0:10:02]} 30. Rab1 {[%emt 0:00:47]} Rc2 {[%emt 0:06:59]} 31. Rbc1 {[%emt 0:01:32]} Rxc1 {[%emt 0:00:29]} 32. Rxc1 {[%emt 0:00:01]} Nb3 {[%emt 0:00:30]} 33. Re1 {[%emt 0:01:21]} Nxd2 {[%emt 0:01:57]} 34. Qxd2 {[%emt 0:03:32]} Bg5 {[%emt 0:01:41]} 35. Bxg5 {[%emt 0:01:27]} Qxg5 {[%emt 0:00:03]} 36. Qc2 {[%emt 0:06:47]} h3 {[%emt 0:05:07]} 37. Ne3 {[%emt 0:03:06]} Qg3 {[%emt 0:00:36]} 38. Qxa4+ {[%emt 0:01:14]} Kc8 {[%emt 0:02:10]} 39. Qd1 {[%emt 0:00:21]} Qf2 {[%emt 0:03:57]} 40. Qe2 {[%emt 0:04:29]} Rg1+ {[%emt 0:01:06]} 41. Rxg1 {[%emt 0:02:25]} Qxe2 {[%emt 0:00:06]} 42. Rg3 {[%emt 0:02:12]} Ne8 {[%emt 0:01:55]} 43. Rxh3 {[%emt 0:01:00]} Nf6 {[%emt 0:00:30]} 44. Ng2 {[%emt 0:03:43]} Ng4 {[%emt 0:01:10]} 0-1

[Event "95th Caplin Hastings Congress"]
[Site "Hastings"]
[Date "2020.01.02"]
[Round "6.38"]
[White "Terentiev, Sergei"]
[Black "Byrn, Carsten"]
[Result "1-0"]
[WhiteElo "2292"]
[BlackElo "1919"]
[Annotator "NA"]
[PlyCount "55"]
[EventDate "2019.12.28"]
[EventType "swiss"]
[EventCountry "ENG"]
[SourceTitle "playchess.com"]
[Source "ChessBase"]
[SourceQuality "1"]
[TimeControl "40/6600+30:3000+30"]

1. c4 {[%emt 0:09:39]} Nf6 {[%emt 0:09:40]} 2. Nf3 {[%emt 0:00:22]} g6 {[%emt 0:00:08]} 3. Nc3 {[%emt 0:00:21]} d5 {[%emt 0:00:07]} 4. cxd5 {[%emt 0:02:33]} Nxd5 {[%emt 0:00:47]} 5. h4 {[%emt 0:00:06]} h5 {[%emt 0:00:29]} (5... Nxc3 6. bxc3 Bg7 7. h5 c5 8. Rb1 b6 9. e4 O-O 10. hxg6 hxg6 11. d4 Bb7 12. Ng5 cxd4 13. Qg4 {½-½ (59) Carlsen,M (2875)-Mamedyarov,S (2774) Zagreb 2019}) 6. Qb3 {[%emt 0:02:48] A16: English Opening: 1...Nf6 with ...d5} Nxc3 {[%emt 0:01:58]} (6... Nb6 $14) 7. Qxc3 $146 {[%emt 0:00:08]} ({Predecessor:} 7. dxc3 Bg7 8. Bf4 c6 9. e4 Qb6 10. Qa3 O-O 11. Bc4 Nd7 12. Ng5 e6 13. Rd1 {0-1 (42) Szily,J-Plater,K Miedzyzdroje 1952}) 7... Rg8 {[%emt 0:00:12]} 8. d4 {[%emt 0:00:38]} Nc6 {[%emt 0:03:45]} 9. a3 {[%emt 0:00:17]} Bg7 {[%emt 0:01:08]} 10. e3 {[%emt 0:00:09]} a6 {[%emt 0:01:57]} 11. Bc4 {[%emt 0:01:34]} Qd6 {[%emt 0:02:24]} 12. Ng5 {[%emt 0:03:55]} e6 {[%emt 0:02:03]} 13. Bd2 {[%emt 0:01:51]} b6 {[%emt 0:03:37]} 14. Rc1 {[%emt 0:02:41]} Bb7 {[%emt 0:00:45]} 15. Bd3 {[%emt 0:01:34]} Rc8 {[%emt 0:04:13]} 16. Be4 {[%emt 0:24:09]} Nd8 {[%emt 0:04:38]} 17. Bxb7 {[%emt 0:04:37]} Nxb7 {[%emt 0:00:05]} 18. Qc4 {[%emt 0:03:14]} Qd5 {[%emt 0:12:59]} 19. Qxa6 {[%emt 0:00:43]} Qxg2 {[%emt 0:00:33]} 20. Ke2 {[%emt 0:00:08]} Nd6 {[%emt 0:01:51]} 21. Nf3 {[%emt 0:00:50]} Qg4 {[%emt 0:04:52]} 22. Bb4 $18 {[%emt 0:01:02]} Kd7 {[%emt 0:04:02]} 23. Bxd6 {[%emt 0:00:47]} Kxd6 {[%emt 0:06:44]} 24. Qb7 {[%emt 0:00:25]} Kd7 {[%emt 0:14:42]} 25. Rc6 {[%emt 0:03:18]} Qf5 {[%emt 0:01:55]} 26. Rhc1 {[%emt 0:01:22]} Qb5+ {[%emt 0:01:51]} 27. Ke1 {[%emt 0:00:12]} Rge8 {[%emt 0:08:33]} 28. Rxc7+ {[%emt 0:01:41]} 1-0

[Event "95th Caplin Hastings Congress"]
[Site "Hastings"]
[Date "2020.01.02"]
[Round "6.39"]
[White "Ratsma, Midas"]
[Black "Jukes, Sam"]
[Result "1-0"]
[WhiteElo "2270"]
[BlackElo "1906"]
[Annotator "ChessBase"]
[PlyCount "51"]
[EventDate "2019.12.28"]
[EventType "swiss"]
[EventCountry "ENG"]
[SourceTitle "playchess.com"]
[Source "ChessBase"]
[SourceQuality "1"]
[TimeControl "40/6600+30:3000+30"]

1. c4 {[%emt 0:09:33]} e5 {[%emt 0:12:12]} 2. Nc3 {[%emt 0:00:05]} Nf6 {[%emt 0:00:05]} 3. Nf3 {[%emt 0:00:05]} Nc6 {[%emt 0:00:23]} 4. e4 {[%emt 0:00:10]} Be7 {[%emt 0:01:12]} 5. d4 {[%emt 0:01:48]} exd4 {[%emt 0:01:28]} 6. Nxd4 {[%emt 0:00:04]} d6 {[%emt 0:02:44]} 7. Be2 {[%emt 0:02:54]} Nxd4 {[%emt 0:03:50]} 8. Qxd4 {[%emt 0:00:05]} O-O {[%emt 0:00:16]} 9. O-O {[%emt 0:02:31]} Ng4 {[%emt 0:12:04]} 10. Nd5 {[%emt 0:03:48]} c5 {[%emt 0:05:28]} 11. Qd2 {[%emt 0:02:54]} f5 {[%emt 0:08:42]} 12. Bxg4 {[%emt 0:14:57]} fxg4 {[%emt 0:00:27]} 13. b3 {[%emt 0:00:04]} Be6 {[%emt 0:02:35]} 14. Bb2 {[%emt 0:00:37]} Bxd5 {[%emt 0:03:35]} 15. Qxd5+ {[%emt 0:00:29]} Rf7 {[%emt 0:00:11]} 16. f3 {[%emt 0:12:17]} Qd7 {[%emt 0:06:48]} 17. fxg4 {[%emt 0:09:25]} Raf8 {[%emt 0:00:34]} 18. Rxf7 {[%emt 0:08:11]} Rxf7 {[%emt 0:00:18]} 19. Rf1 {[%emt 0:00:38]} Bd8 {[%emt 0:02:27]} 20. Rxf7 {[%emt 0:02:46]} Qxf7 {[%emt 0:00:07]} 21. Qxd6 {[%emt 0:00:19]} Bc7 {[%emt 0:02:25]} 22. Qd5 {[%emt 0:00:20]} Kf8 {[%emt 0:00:47]} 23. Qxc5+ {[%emt 0:01:39]} Ke8 {[%emt 0:00:36]} 24. Qb5+ {[%emt 0:00:05]} Kf8 {[%emt 0:01:24]} 25. Ba3+ {[%emt 0:00:08]} Kg8 {[%emt 0:00:09]} 26. Qd5 {[%emt 0:00:05]} 1-0

[Event "95th Caplin Hastings Congress"]
[Site "Hastings"]
[Date "2020.01.02"]
[Round "6.40"]
[White "Bin-Suhayl, Ieysaa"]
[Black "Faulks, Nick"]
[Result "1-0"]
[WhiteElo "2187"]
[BlackElo "1900"]
[Annotator "NA"]
[PlyCount "53"]
[EventDate "2019.12.28"]
[EventType "swiss"]
[EventCountry "ENG"]
[SourceTitle "playchess.com"]
[Source "ChessBase"]
[SourceQuality "1"]
[TimeControl "40/6600+30:3000+30"]

1. d4 {[%emt 0:09:56]} Nf6 {[%emt 0:09:36]} 2. c4 {[%emt 0:00:05]} c5 {[%emt 0:00:04]} 3. d5 {[%emt 0:00:04]} e6 {[%emt 0:00:05]} 4. Nc3 {[%emt 0:00:03]} exd5 {[%emt 0:00:06]} 5. cxd5 {[%emt 0:00:03]} d6 {[%emt 0:00:07]} 6. e4 {[%emt 0:00:03]} g6 {[%emt 0:00:06]} 7. f4 {[%emt 0:00:02]} Bg7 {[%emt 0:00:06]} 8. Bb5+ {[%emt 0:00:04]} Nfd7 {[%emt 0:00:07]} 9. Be2 {[%emt 0:00:27]} Qh4+ {[%emt 0:02:56]} 10. g3 {[%emt 0:00:03]} Qd8 {[%emt 0:00:11]} 11. Nf3 {[%emt 0:00:04]} Nb6 {[%emt 0:01:29]} 12. O-O {[%emt 0:02:25]} O-O {[%emt 0:04:09]} 13. f5 {[%emt 0:35:13]} N8d7 {[%emt 0:22:36]} 14. Bf4 {[%emt 0:10:09]} Nf6 $14 {[%emt 0:10:35]} 15. fxg6 {[%emt 0:02:14]} fxg6 {[%emt 0:01:49]} 16. a4 {[%emt 0:01:38]} Bh3 {[%emt 0:06:02]} 17. Re1 {[%emt 0:01:19]} Nh5 {[%emt 0:07:24]} 18. Be3 {[%emt 0:02:09]} Bg4 {[%emt 0:08:09]} 19. Ng5 {[%emt 0:00:58]} Bxe2 {[%emt 0:01:57]} 20. Qxe2 {[%emt 0:00:21]} Qe7 {[%emt 0:02:13]} 21. Ne6 {[%emt 0:00:23]} Rf7 {[%emt 0:01:04]} 22. Rf1 {[%emt 0:03:12]} Nd7 {[%emt 0:07:47]} 23. Rxf7 {[%emt 0:00:04]} Qxf7 {[%emt 0:00:32]} 24. Rf1 {[%emt 0:00:03]} Qe7 {[%emt 0:00:22]} 25. Bg5 {[%emt 0:00:28]} Nhf6 {[%emt 0:05:46]} 26. Qe3 {[%emt 0:06:11]} Nf8 {[%emt 0:05:16]} 27. Nxg7 {[%emt 0:01:21]} 1-0